Revue Francaise d'Hygiene et Medecine Scolaire et Universitaire (Record no. 5208)

MARC details
000 -LEADER
campo de control de longitud fija 01001npm a2200253 i 4500
001 - NÚMERO DE CONTROL
campo de control 5208
003 - IDENTIFICADOR DE NÚMERO DE CONTROL
campo de control ES-MaACL
005 - FECHA Y HORA DE LA ÚLTIMA TRANSACCIÓN
campo de control 20230908133325.0
007 - CAMPO FIJO DE DESCRIPCIÓN FÍSICA--INFORMACIÓN GENERAL
campo de control de longitud fija hzrazu bucu
008 - DATOS DE LONGITUD FIJA--INFORMACIÓN GENERAL
campo de control de longitud fija 900423r19901954fr a 00010 fre d
080 ## - NÚMERO DE LA CLASIFICACIÓN DECIMAL UNIVERSAL
Número de la Clasificación Decimal Universal 05(44)
080 ## - NÚMERO DE LA CLASIFICACIÓN DECIMAL UNIVERSAL
Número de la Clasificación Decimal Universal 371.7(05)(443.6)
245 00 - MENCIÓN DEL TÍTULO
Título Revue Francaise d'Hygiene et Medecine Scolaire et Universitaire
Resto del título : [Microforma] : Bulletin de l'Association Francaise d'Hygiene Scolaire et Universitaire.
260 ## - PUBLICACIÓN, DISTRIBUCIÓN, ETC.
Lugar de publicación, distribución, etc. Madrid :
Nombre del editor, distribuidor, etc. Ateneo Cientifico, Literario y Artistico,
Fecha de publicación, distribución, etc. 1990.
300 ## - DESCRIPCIÓN FÍSICA
Extensión 1 carrete microfilme :
Otras características físicas negativo ;
Dimensiones 16 mm.
500 ## - NOTA GENERAL
Nota general Publicado originalmente: Paris, G. Dion et Cie., 1954-1960.
500 ## - NOTA GENERAL
Nota general Cambio de titulo 1960 (2o trim.): Revue d'Hygiene et Medecine Scolaires et Universitaires.
505 8# - NOTA DE CONTENIDO CON FORMATO
Nota de contenido con formato 1954 a 1960
740 0# - ENTRADA AGREGADA--TÍTULO RELACIONADO/ANALÍTICO NO CONTROLADO
Título relacionado o analítico no controlado Revue d'Higiene et Medecine Scolaires et Universitaires.
852 ## - LOCALIZACIÓN
Ubicación ES-MaACL
Número de control de estantería MC-525
itemnumber 5325
Ubicación en estantería Depósito 1
942 ## - ELEMENTOS DE ENTRADA SECUNDARIOS (KOHA)
Fuente del sistema de clasificación o colocación Clasificación decimal universal
Tipo de ítem Koha Microforma
Holdings
Estatus retirado Estado de pérdida Fuente del sistema de clasificación o colocación Estado de daño No para préstamo Colección Biblioteca de origen Biblioteca actual Ubicación en estantería Fecha de adquisición Total de préstamos Signatura topográfica completa Código de barras Visto por última vez Precio de reemplazo Tipo de ítem Koha
    Clasificación decimal universal     Periódicos y Revistas Biblioteca del Ateneo de Madrid Biblioteca del Ateneo de Madrid Depósito 1 17/01/2008   MC-525 1005271 23/02/2023 23/02/2023 Microforma